| 000 | 00389nam a2200133Ia 4500 | ||
|---|---|---|---|
| 008 | 230917s9999||||xx |||||||||||||| ||und|| | ||
| 040 |
_e188133 _aMAIN |
||
| 041 | _aEnglish | ||
| 082 | _a657.45 I2R(1991)(4) | ||
| 100 | _aIndia, Comptroller and Auditor General | ||
| 245 | 0 | _aReport of the Comptroller and Audior General of India, no.4(Commercial) of 1991 | |
| 300 | _a51 p. | ||
| 942 | _cBK | ||
| 999 |
_c73599 _d73599 |
||